[Event "Avoine op 34th"]
[Site "Avoine"]
[Date "2019.07.20"]
[Round "4"]
[White "Baron, Daniel"]
[Black "Burille, Matthieu"]
[Result "0-1"]
[WhiteElo "1905"]
[BlackElo "2121"]
[PlyCount "66"]
[EventDate "2019.07.20"]
[EventType "swiss"]
[EventRounds "9"]
[EventCountry "FRA"]
[SourceTitle "EXT 2020"]
[Source "ChessBase"]
[SourceDate "2019.10.17"]
[SourceVersion "1"]
[SourceVersionDate "2019.10.17"]
[SourceQuality "1"]

1. Nf3 c5 2. c4 Nc6 3. g3 g6 4. Bg2 Bg7 5. 0-0 e5 6. Nc3 Nge7 7. e4 d6 8. d3 0-0 9. Rb1 f5 10. exf5 gxf5 11. Bg5 Qe8 12. Ne1 f4 13. Bxe7 Qxe7 14. Nc2 Kh8 15. b4 cxb4 16. Nxb4 Nd4 17. Nbd5 Qf7 18. f3 Be6 19. g4 h5 20. h3 Rac8 21. a4 Bh6 22. a5 Bg5 23. Rf2 Bd8 24. Qa4 Bh4 25. Rfb2 hxg4 26. hxg4 Qh7 27. Ne4 Bg3 28. Qa3 Qh2+ 29. Kf1 Rcd8 30. Rxb7 Bxg4 31. Ndf6 Bf5 32. Rxa7 Nc2 33. Qa2 Ne3+ 0-1

[Event "Saint Quentin op 1st"]
[Site "Saint Quentin"]
[Date "2019.07.12"]
[Round "9"]
[White "Polivanov, Anatoliy"]
[Black "Burille, Matthieu"]
[Result "1/2-1/2"]
[WhiteElo "2364"]
[BlackElo "2121"]
[PlyCount "74"]
[EventDate "2019.07.06"]
[EventType "swiss"]
[EventRounds "9"]
[EventCountry "FRA"]
[SourceTitle "CBM 191 Extra"]
[Source "ChessBase"]
[SourceDate "2019.09.30"]
[SourceVersion "1"]
[SourceVersionDate "2019.09.30"]
[SourceQuality "1"]

1. e4 c5 2. Nf3 d6 3. d4 cxd4 4. Nxd4 Nf6 5. Nc3 a6 6. g3 e5 7. Nb3 Be6 8. Bg2 Be7 9. 0-0 Qc7 10. a4 Nbd7 11. Re1 Rc8 12. Nd2 0-0 13. Nf1 h6 14. Ne3 Rfe8 15. Kh1 Bf8 16. f4 exf4 17. gxf4 Nb6 18. Bd2 Nc4 19. Nxc4 Qxc4 20. Qf3 Bd7 21. f5 b5 22. axb5 axb5 23. Bf1 Qc5 24. Bd3 Bc6 25. Ra6 b4 26. Na4 Nxe4 27. Nxc5 Nxd2 28. Rxc6 Rxe1+ 29. Kg2 Nxf3 30. Rxc8 Ne5 31. Na4 Nxd3 32. cxd3 g6 33. f6 Re2+ 34. Kg3 Re3+ 35. Kg2 Re2+ 36. Kg3 Re3+ 37. Kg2 Re2+ 1/2-1/2

[Event "Saint Quentin op 1st"]
[Site "Saint Quentin"]
[Date "2019.07.07"]
[Round "2"]
[White "Burille, Matthieu"]
[Black "Stremavicius, Titas"]
[Result "1/2-1/2"]
[WhiteElo "2121"]
[BlackElo "2474"]
[PlyCount "201"]
[EventDate "2019.07.06"]
[EventType "swiss"]
[EventRounds "9"]
[EventCountry "FRA"]
[SourceTitle "CBM 191 Extra"]
[Source "ChessBase"]
[SourceDate "2019.09.30"]
[SourceVersion "1"]
[SourceVersionDate "2019.09.30"]
[SourceQuality "1"]

1. e4 d6 2. d4 g6 3. Nc3 Nf6 4. Be3 c6 5. Qd2 b5 6. f3 Nbd7 7. g4 h6 8. d5 cxd5 9. Nxd5 Bg7 10. Bxb5 Nxd5 11. exd5 Rb8 12. Bd4 Bxd4 13. Qxd4 0-0 14. Bxd7 Bxd7 15. Ne2 Qa5+ 16. Kf2 Rb4 17. c4 e5 18. dxe6 Bxe6 19. b3 d5 20. Nf4 dxc4 21. Nxe6 fxe6 22. Qe4 Rf6 23. Qa8+ Rf8 24. Qe4 Kg7 25. Rhd1 cxb3 26. Rd7+ Kf6 27. axb3 Qb6+ 28. Qe3 Rxb3 29. Qxb6 axb6 30. Re1 Rf7 31. Rd6 Rxf3+ 32. Kg2 Kg5 33. Rexe6 Rf2+ 34. Kg1 Rf1+ 35. Kg2 R7f2+ 36. Kg3 Rf3+ 37. Kg2 R1f2+ 38. Kg1 Kh4 39. Re1 Rf6 40. Rxb6 Rxb6 41. Kxf2 Kxg4 42. Re3 h5 43. Ra3 Rb4 44. Rg3+ Kf5 45. Ra3 g5 46. h3 Rb2+ 47. Kf3 h4 48. Ra5+ Kg6 49. Ra3 Rh2 50. Ke4 Kh5 51. Rb3 Rg2 52. Ra3 Rg1 53. Rb3 Rf1 54. Ra3 Rf4+ 55. Ke3 Rf5 56. Ke4 Rf4+ 57. Ke3 Rf6 58. Ke4 Kg6 59. Rb3 g4 60. hxg4 Kg5 61. Rb8 h3 62. Rh8 Kxg4 63. Ke3 Kg3 64. Rg8+ Kh4 65. Rh8+ Kg3 66. Rg8+ Kh2 67. Ke2 Rf7 68. Rg6 Ra7 69. Kf1 Ra1+ 70. Kf2 Ra2+ 71. Kf1 Rg2 72. Rh6 Kg3 73. Rg6+ Kh2 74. Rh6 Rg4 75. Kf2 Rf4+ 76. Ke3 Rg4 77. Kf2 Rg5 78. Rh8 Rf5+ 79. Ke2 Rf7 80. Rg8 Rf6 81. Rg7 Re6+ 82. Kf2 Ra6 83. Kf1 Ra2 84. Rg8 Rb2 85. Rg7 Rg2 86. Rh7 Rg1+ 87. Kf2 Rg6 88. Rh8 Rg7 89. Rh6 Rf7+ 90. Ke2 Kg3 91. Rg6+ Kh4 92. Rh6+ Kg4 93. Rg6+ Kh5 94. Rg8 Rf4 95. Ke3 Rf5 96. Rh8+ Kg4 97. Rg8+ Kh4 98. Rh8+ Kg3 99. Rg8+ Kh4 100. Rh8+ Rh5 101. Rxh5+ 1/2-1/2

[Event "FRA-ch op-A"]
[Site "Chartres"]
[Date "2019.??.??"]
[Round "2"]
[White "Burille, Matthieu"]
[Black "Ribiere, Damien"]
[Result "1-0"]
[WhiteElo "2127"]
[BlackElo "2042"]
[PlyCount "85"]
[EventDate "2019.08.17"]
[EventType "swiss"]
[EventRounds "9"]
[EventCountry "FRA"]
[SourceTitle "EXT 2020"]
[Source "ChessBase"]
[SourceDate "2019.10.17"]
[SourceVersion "1"]
[SourceVersionDate "2019.10.17"]
[SourceQuality "1"]

1. e4 d6 2. d4 Nf6 3. Nc3 g6 4. Be3 c6 5. Qd2 Nbd7 6. Nf3 b5 7. Bd3 Bg7 8. 0-0 0-0 9. h3 e5 10. dxe5 dxe5 11. a4 b4 12. Ne2 a5 13. Ng3 Re8 14. c3 Nf8 15. cxb4 axb4 16. Qc2 Ba6 17. Bxa6 Rxa6 18. Qc4 Qa5 19. Bc5 b3 20. Ng5 Ne6 21. Nxe6 Rxe6 22. Be3 h5 23. Qxb3 h4 24. Ne2 Nxe4 25. Qd3 Nd6 26. b4 e4 27. Qxd6 Rxd6 28. bxa5 Bxa1 29. Rxa1 Rxa5 30. Bb6 Ra6 31. a5 Rd2 32. Nd4 Rb2 33. Rc1 Ra8 34. Rxc6 Re8 35. a6 e3 36. fxe3 Rxe3 37. Nf3 Ra3 38. Rc8+ Kh7 39. Bd4 Rb1+ 40. Kh2 g5 41. a7 g4 42. hxg4 h3 43. a8Q 1-0

[Event "Avoine op 32nd"]
[Site "Avoine"]
[Date "2017.07.27"]
[Round "6"]
[White "Burille, Matthieu"]
[Black "Devallee, Jeremie"]
[Result "0-1"]
[WhiteElo "2135"]
[BlackElo "2261"]
[PlyCount "72"]
[EventDate "2017.07.22"]
[EventType "swiss"]
[EventRounds "9"]
[EventCountry "FRA"]
[SourceTitle "CBM 179 Extra"]
[Source "ChessBase"]
[SourceDate "2017.08.23"]
[SourceVersion "1"]
[SourceVersionDate "2017.08.23"]
[SourceQuality "1"]

1. Nf3 g6 2. e4 c6 3. d4 d5 4. Nbd2 Bg7 5. h3 dxe4 6. Nxe4 Nd7 7. Bc4 h6 8. Qe2 Ndf6 9. Ng3 e6 10. Bf4 Ne7 11. 0-0 Nfd5 12. Bd2 Qc7 13. Bb3 b5 14. a4 b4 15. a5 0-0 16. c4 bxc3 17. bxc3 c5 18. Ne4 cxd4 19. cxd4 Nf4 20. Bxf4 Qxf4 21. a6 Bd7 22. g3 Qf5 23. g4 Qf4 24. Qe3 Qb8 25. Rfb1 Qd8 26. Ne5 Bc6 27. Nc5 Bd5 28. Ba4 Nc8 29. Ned7 Re8 30. Rb7 Nd6 31. Rab1 Qh4 32. Kh2 h5 33. f3 Bh6 34. Nf6+ Qxf6 35. Qxh6 Qxf3 36. R1b2 Qh1+ 0-1

[Event "Avoine op 31st"]
[Site "Avoine"]
[Date "2016.07.26"]
[Round "4"]
[White "Burille, Matthieu"]
[Black "Braeuning, Rudolf Wilhelm"]
[Result "0-1"]
[WhiteElo "2069"]
[BlackElo "2358"]
[PlyCount "52"]
[EventDate "2016.07.23"]
[EventType "swiss"]
[EventRounds "9"]
[EventCountry "FRA"]
[SourceTitle "CBM 173 Extra"]
[Source "ChessBase"]
[SourceDate "2016.08.29"]
[SourceVersion "1"]
[SourceVersionDate "2016.08.29"]
[SourceQuality "1"]

1. e4 c5 2. Nf3 Nc6 3. Bb5 g6 4. 0-0 Bg7 5. Nc3 Nd4 6. Ba4 Qa5 7. Rb1 b5 8. Nxd4 bxa4 9. Nf3 Rb8 10. Re1 Ba6 11. e5 Nh6 12. d4 0-0 13. dxc5 a3 14. Nd5 axb2 15. Bxh6 Bxh6 16. Nxe7+ Kh8 17. Qd4 Qb4 18. Nd5 Qxd4 19. Nxd4 Bc4 20. Nf6 Bxa2 21. Nxd7 Bxb1 22. Rxb1 Rb4 23. Nb3 Rd8 24. c6 Rc4 25. g3 Rxc6 26. Ndc5 Bc1 0-1

[Event "Cappelle op 32nd"]
[Site "Cappelle la Grande"]
[Date "2016.02.15"]
[Round "3"]
[White "Demuth, Adrien"]
[Black "Burille, Matthieu"]
[Result "1-0"]
[WhiteElo "2544"]
[BlackElo "2035"]
[PlyCount "75"]
[EventDate "2016.02.13"]
[EventType "swiss"]
[EventRounds "9"]
[EventCountry "FRA"]
[SourceTitle "EXT 2017"]
[Source "ChessBase"]
[SourceDate "2016.10.25"]
[SourceVersion "1"]
[SourceVersionDate "2016.10.25"]
[SourceQuality "1"]

1. c4 c5 2. b3 Nf6 3. Nf3 b6 4. g3 Bb7 5. Bg2 e6 6. 0-0 Be7 7. Nc3 0-0 8. d4 cxd4 9. Qxd4 Nc6 10. Qf4 Qb8 11. Rd1 Rd8 12. Qxb8 Raxb8 13. Bf4 d6 14. Rd2 Rd7 15. Rad1 Rbd8 16. Ne1 Na5 17. e4 h6 18. h3 Nh5 19. Be3 g5 20. Nc2 Nc6 21. Nb5 f6 22. Kh2 Kf7 23. f4 Ng7 24. g4 h5 25. fxg5 fxg5 26. gxh5 Nxh5 27. Rf1+ Kg6 28. Ncd4 Nxd4 29. Nxd4 Ng7 30. Rdf2 Rh8 31. Rf7 e5 32. Nb5 Bc6 33. Nxd6 Ne6 34. c5 Nf4 35. Rf5 Bxd6 36. cxd6 Rxd6 37. Rxe5 Re6 38. Bxf4 1-0

[Event "Cappelle op 30th"]
[Site "Cappelle la Grande"]
[Date "2014.03.03"]
[Round "3"]
[White "Burille, Matthieu"]
[Black "Vishnu, Prasanna V"]
[Result "0-1"]
[WhiteElo "2051"]
[BlackElo "2462"]
[PlyCount "84"]
[EventDate "2014.03.01"]
[EventType "swiss"]
[EventRounds "9"]
[EventCountry "FRA"]
[SourceTitle "CBM 159 Extra"]
[Source "ChessBase"]
[SourceDate "2014.04.24"]
[SourceVersion "1"]
[SourceVersionDate "2014.04.24"]
[SourceQuality "1"]

1. e4 c5 2. Nf3 d6 3. d4 cxd4 4. Nxd4 Nf6 5. Nc3 a6 6. Be3 e5 7. Nb3 Be7 8. f3 Be6 9. Qd2 Nbd7 10. g4 h6 11. 0-0-0 b5 12. Kb1 Nb6 13. Bxb6 Qxb6 14. Nd5 Nxd5 15. exd5 Bd7 16. h4 a5 17. Na1 b4 18. Bd3 a4 19. g5 a3 20. bxa3 Rxa3 21. Nb3 h5 22. f4 0-0 23. fxe5 dxe5 24. g6 Qd6 25. gxf7+ Rxf7 26. Rdf1 Rf4 27. Rxf4 exf4 28. Qe2 Bg4 29. Qe4 f3 30. Re1 Ra7 31. Nd4 b3 32. cxb3 Qa3 33. Qh7+ Kf8 34. d6 Qxa2+ 35. Kc1 Qa1+ 36. Kd2 Ra2+ 37. Nc2 Rxc2+ 38. Bxc2 Qa5+ 39. b4 Qxb4+ 40. Kd3 Qxd6+ 41. Ke3 Qc5+ 42. Kd2 Qa5+ 0-1

[Event "Avoine op 24th"]
[Site "Avoine"]
[Date "2009.07.23"]
[Round "6"]
[White "Schwarzat, Julian"]
[Black "Burille, Matthieu"]
[Result "1/2-1/2"]
[WhiteElo "2018"]
[BlackElo "1824"]
[PlyCount "27"]
[EventDate "2009.07.18"]
[EventType "swiss"]
[EventRounds "9"]
[EventCountry "FRA"]
[SourceTitle "CBM 131 Extra"]
[Source "ChessBase"]
[SourceDate "2009.09.03"]
[SourceVersion "2"]
[SourceVersionDate "2009.09.16"]
[SourceQuality "1"]

1. e3 Nf6 2. f4 d5 3. Nf3 g6 4. d4 Bg7 5. Bd3 c5 6. c3 Nc6 7. 0-0 0-0 8. Nbd2 Ng4 9. Qe1 f5 10. Ne5 Nf6 11. Rf3 Ne4 12. Nxc6 bxc6 13. Rh3 Bf6 14. Nf3 1/2-1/2